00857cam a22002657a 4500003000500000005001700005008004100022010001000063011001000073020001500083035001000098040000900108082001700117110000800134245012400142260002400266300000700290490005300297500012200350650001100472650001300483650001500496700002700511830005300538CHAP20220817043922.0031114d2001 it a rn 00110 eng d a87902 a88874 a9251045437 a99419 cCHAP04a639.3731bF32 aFAO10aSharks of the world :ban annotated and illustrated catalogue of shark species known to datec/by Leonard J.V. Compagno aRome :bFAO,c2001. av. 0aFAO. Species catalogue for fishery purposesv; 1 aLa biblioteca tiene : Tom.2 Bullhead, mackerel and carpet sharks (heterodontiformes, lamniformes and orectolobiformes14aBagre.14aCaballa.14aTiburón.0 aCompagno, Leonard J.V.00aFAO. Species catalogue for fishery purposesv; 1